Nociones de fisiología é higiene : para uso de los alumnos de segunda enseñanza

Gespeichert in:
Bibliographische Detailangaben
1. Verfasser: González Hidalgo, Joaquín .
Format: Buch
Sprache:Spanisch
Erschienen: Madrid : Libreria de Hernando, 1878
Ausgabe:7ª ed. nuevamente reform. é il. con una lám. y 75 grab.
Katalog:MANES:  Suchergebnis im Bibliothekskatalog
Schulbuchspezifische Eigenschaften:
Schlagworte:
Tags: Tag hinzufügen
Keine Tags, Fügen Sie den ersten Tag hinzu!
Hinzugefügt zu:09.02.2019
Geändert in:07.05.2025

MARC

LEADER 00000cam a2200000 4500
005 20250507134346.0
008 190210S1878 0espa p 0000 00spa0d
040 |a uned  |b spa  |c entro-manes 
041 0 |a spa 
100 2 |a González Hidalgo, Joaquín .  |9 20573 
245 1 0 |a Nociones de fisiología é higiene :  |b para uso de los alumnos de segunda enseñanza  |c por Joaquín González Hidalgo 
250 |a 7ª ed. nuevamente reform. é il. con una lám. y 75 grab. 
260 |a Madrid :  |b Libreria de Hernando,  |c 1878 
300 |a 199 p. :  |b il. 
500 |a Obra adoptada de texto en muchos institutos de España 
546 |a España 
561 |5 es-BUNED  |3 L.T. 1503  |a España. Fondo Manes UNED  |k MANES 
690 0 |a CN  |a ECS 
650 7 |a Educacion sanitaria 
942 |2 ddc  |c BK 
999 |c 92595  |d 92595 
999 |c manes:92595  |d 92595